The land market 2008 (Record no. 81089)

MARC details
000 -LEADER
fixed length control field 00986cab a22001935a 4500
001 - CONTROL NUMBER
control field L146217
008 - FIXED-LENGTH DATA ELEMENTS--GENERAL INFORMATION
fixed length control field 081216s2008 xxkdo f s 000 0 eng d
035 ## - SYSTEM CONTROL NUMBER
System control number (Sirsi) u146217
041 0# - LANGUAGE CODE
Language code of text/sound track or separate title eng
100 1# - MAIN ENTRY--PERSONAL NAME
Personal name Paice, Catherine
245 04 - TITLE STATEMENT
Title The land market 2008
Remainder of title the first six months
260 ## - PUBLICATION, DISTRIBUTION, ETC.
Date of publication, distribution, etc. 2008
490 ## - SERIES STATEMENT
Series statement Farmland Market
Volume/sequential designation (70) Winter 2008, 4-5(2)
520 ## - SUMMARY, ETC.
Summary, etc. Article looks at the considerable increases in rural land values over the last six months and explores some of the causes behind it. Key drivers included increases in biofuel production, rising wheat and soybean futures and Capital Gains tax changes. The author comments on the future for rural land values and says that while high quality land will always command a premium, a two-tier system is becoming apparent, where less productive farms become markedly harder to sell.
590 ## - LOCAL NOTE (RLIN)
Local note KA
651 #4 - SUBJECT ADDED ENTRY--GEOGRAPHIC NAME
Geographic name United Kinggdom
Chronological subdivision
690 ## - LOCAL SUBJECT ADDED ENTRY--TOPICAL TERM (OCLC, RLIN)
Topical term or geographic name as entry element PROPERTY-RURAL AND NATURAL ASSETS-AGRICULTURAL PROPERTY
942 ## - ADDED ENTRY ELEMENTS (KOHA)
Suppress in OPAC 0
Holdings
Withdrawn status Lost status Source of classification or shelving scheme Damaged status Not for loan Home library Current library Shelving location Date acquired Total Checkouts Full call number Barcode Date last seen Copy number Price effective from Koha item type
    Dewey Decimal Classification     London London Journal article 16/12/2008   L146217 146217-1001 06/08/2019 1 06/08/2019 Journal article